| 000 | 01677cam a2200349 a 4500 | ||
|---|---|---|---|
| 999 |
_c5836 _d5836 |
||
| 001 | 13881138 | ||
| 003 | OSt | ||
| 005 | 20251118111618.0 | ||
| 008 | 050223s2005 nyu 000 1 eng | ||
| 010 | _a 2005043343 | ||
| 020 | _a9780062420114 | ||
| 035 | _a13881138 | ||
| 035 | _a(OCoLC)58478640 | ||
| 040 |
_aDLC _cDLC _dUKM _dBAKER _dC#P _dVP@ _dNLGGC _dDLC _dKH8 |
||
| 043 | _af------ | ||
| 082 | _aFIC UZO | ||
| 084 |
_a18.06 _2bcl |
||
| 100 | 1 |
_aIweala, Uzodinma, _eauthor. |
|
| 245 | 1 | 0 |
_aBeasts of no nation : _ba novel / _cUzodinma Iweala. |
| 250 | _a1st ed. | ||
| 260 |
_aNew York : _bHarperCollins Publishers, _cc2005. |
||
| 300 |
_a142 p. ; _c19 cm. |
||
| 336 |
_atext _btxt _2rdacontent |
||
| 337 |
_aunmediated _bn _2rdamedia |
||
| 338 |
_avolume _bnc _2rdacarrier |
||
| 520 | _aThis movie-tie in edition of the acclaimed debut novel by Uzodinma Iweala tells the unforgettable story of the life of a child soldier in a war-torn African country. In this stunning debut novel, Agu, a young boy in an unnamed West African nation, is recruited into a unit of guerrilla fighters as civil war engulfs his country. Haunted by his father's own death at the hands of militants, Agu is vulnerable to the dangerous yet paternal nature of his new commander. While the war rages on, Agu becomes increasingly divorced from the life he had known before the conflict started—a life of school friends, church services, and time with his family still intact. | ||
| 650 | 0 |
_aChild soldiers _vFiction. |
|
| 651 | 0 |
_aAfrica _vFiction. |
|
| 655 | 7 |
_aWar stories. _2gsafd |
|
| 655 | 7 |
_aFiction. _2lcgft _0https://id.loc.gov/authorities/genreForms/gf2014026339 |
|
| 942 |
_2ddc _cFIC |
||